| 000 | 01625cam a2200325 a 4500 | ||
|---|---|---|---|
| 001 | 15053510 | ||
| 005 | 20080703095349.0 | ||
| 007 | co |g||||||||| | ||
| 008 | 071022s2008 wiua | bf 001 0 eng d | ||
| 010 | _a 2007043656 | ||
| 020 | _a9780873896986 (alk. paper) | ||
| 035 | _a(OCoLC)ocn171555399 | ||
| 035 | _a(OCoLC)171555399 | ||
| 040 |
_aDLC _cDLC _dYDX _dYDXCP _dBAKER _dBTCTA _dDLC |
||
| 050 | 0 | 0 |
_aTS156 _b.C4235 2008 |
| 082 | 0 | 0 |
_a658.4013 _222 _bSIG |
| 245 | 0 | 4 |
_aThe Certified Six Sigma Green Belt Handbook / _cRoderick A. Munro ... [et al.]. |
| 260 |
_aMilwaukee, Wis. : _bASQ Quality Press, _cc2008. |
||
| 300 |
_axxxvi, 443 p. : _bill. ; _c26 cm. |
||
| 504 | _aIncludes bibliographical references (p. 435-436) and index. | ||
| 650 | 0 |
_aSix sigma (Quality control standard) _vHandbooks, manuals, etc. _910052 |
|
| 650 | 0 |
_aProduction management _vHandbooks, manuals, etc. _910053 |
|
| 650 | 0 |
_aQuality control _xStatistical methods _vHandbooks, manuals, etc. _910054 |
|
| 700 | 1 |
_aMunro, Roderick A. _910055 |
|
| 856 | 4 | 1 |
_3Table of contents _uhttp://www.loc.gov/catdir/toc/fy0804/2007043656.html |
| 942 |
_2ddc _cBB |
||
| 999 |
_c13065 _d13065 |
||